000 00453nam a22001697a 4500
005 20180208130514.0
008 160521b xxu||||| |||| 00| 0 eng d
020 _a81-203-1136-1
041 _aeng
082 _b3657
_a511.3223
100 _aGeorge J. Klir / Bo, Yuan
_9912
245 _aFUZZY SETS AND FUZZY LOGIC: theory and applications
260 _aNew Delhi
_bPHI,
_c2003
300 _a486
650 _aInformation Technology
_9137
942 _cBK
999 _c1250
_d1250